|
|
|
|
| LEADER |
00912cam a2200265 7i4500 |
| 001 |
0000035364 |
| 005 |
20200625090000.0 |
| 007 |
##ta |
| 008 |
200625s2018 enka o 00 eng d |
| 020 |
# |
# |
|a 9780815353911
|
| 040 |
# |
# |
|a MATR
|
| 090 |
0 |
0 |
|a CHIN 338.47670951
|b CHE
|
| 100 |
1 |
# |
|a Chen, Xiao,
|d 1989-
|e author
|
| 245 |
1 |
0 |
|a Chinese Private Manufacturing Firms :
|b The Challenges of Global Competition
|c Xiao Chen.
|
| 264 |
# |
1 |
|a London:
|b Routledge,
|c 2018.
|
| 300 |
# |
# |
|a xii, 175 pages;
|c 24 cm.
|
| 336 |
# |
# |
|a text
|2 rdacontent
|
| 337 |
# |
# |
|a unmediated
|2 rdamedia
|
| 338 |
# |
# |
|a volume
|2 rdacarrier
|
| 490 |
0 |
# |
|a Routledge studies on the Chinese economy
|
| 504 |
# |
# |
|a Includes bibliographical references and index
|
| 650 |
# |
0 |
|a Private companies --
|z China
|
| 650 |
# |
0 |
|a China --
|x Commerce
|
| 650 |
# |
0 |
|a Manufacturing industries --
|z China
|
| 999 |
|
|
|a B000040384
|b Book
|c Countries
|e Business Information Centre
|